000
00282nam a2200121Ia 4500
008
190216s9999||||xx |||||||||||||| ||und||
100
_a
Gregory Grossman
245
0
_a
Economic Systems
260
_b
Pentice Hall Of India
_c
1978
300
_a
195p
650
_a
Economics
942
_c
BK
999
_c
9469
_d
9469